000 01242nam a22002657a 4500
005 20100901154259.0
006 a|||||r|||||00| 0
007 sd ammalaaahaa
008 100901t xxu||||| |||| 00| 0 eng d
028 _aN.80056
_bHis Master's Voice
035 _aGR-311
040 _aSED
_cSED
100 _917880
245 _aMahatma Gandhi ke prarthanottar Bhashan /
_cedited by G. V. Mavalankar [and] R. R. Diwakar
_h[Sound recording] :
246 _aमहात्मा गाँधी के प्रर्थानोत्तर भाषण /
260 _aDum Dum, India
_bHis Master's Voice
300 _a1 sound disc [Gramophone Record] :
_banalog, 33 1/3 rpm
_c9.5 in. (MP)
_fGramophone Record
500 _aBrief record
505 _aSide-1 कपडे में आत्म-निर्भरता-भाग-1,1947 (Kapde me aatm-nirbharta-Part-1) --Side-2 कपडे में आत्म-निर्भरता-भाग-2,1947 (Kapde me aatm-nirbharta-Part-2)
650 _aMotion Picture Music
_xExcerpts
_zIndia
_917854
700 _aMavalankar, G. V.
_917951
700 _aDiwakar, R. R.
_917952
942 _2ddc
_cGR
999 _c43428
_d43428